000 00957nam0a22002771 4500
001 v19\rc\1825920
005 20071224115909.5
035 _a(NLR Aleph) 004922842
090 _a5596666
_c5596666
100 _a20071224d1907 |||y0rusy50 ca
101 0 _arus
102 _aRU
105 _aa z |||||
200 1 _aЗаписки по морской тактике
_eБоевые средства флота
_fСост. лейт. Черкасов 1
210 _aСанкт-Петербург
_cлит. К. Биркенфельда
_d1907
215 _a236 с., 5 л. диагр.
_cдиагр.
_d29
309 _aНаписано от руки. Литогр.
700 1 _aЧеркасов
_bВ. Н.
_d1
_f1878-
_gВасилий Нилович
_4220
801 0 _aRU
_bNLR
_gpsbo
801 0 _aRU
_bRuMoRGB
_2psbo
801 1 _aRU
_bProSoft-M
_2rusmarc
852 _aNLR
_j38.44.4.39
899 _aRuMoRGB
_jM 34/44
899 _aБАН
942 _cBOOK
980 _aNB